logo

Bir Sreshtho Munshi Abdur Rouf Library
Jhenaidah Cadet College

সীরাতে সুস্তফা সাল্লাল্লাহু আলাইহি ওয়া সাল্লাম / (Record no. 13012)

MARC details
000 -LEADER
fixed length control field 00946nam a2200205 a 4500
003 - CONTROL NUMBER IDENTIFIER
JCCL marc code BD-JhCC
005 - DATE AND TIME OF LATEST TRANSACTION
control field 20230613125016.0
008 - FIXED-LENGTH DATA ELEMENTS--GENERAL INFORMATION
fixed length control field 230613b2005 b ||||| ||a| 00| 0 b d
035 ## - SYSTEM CONTROL NUMBER
system control number (BD-JhCC)
040 ## - CATALOGING SOURCE
Original cataloging agency BD-JhCC
Modifying agency BD-JhCC
041 ## - LANGUAGE CODE
Language code of Book eng
082 ## - DEWEY DECIMAL CLASSIFICATION NUMBER
Classification number 297.63
Author mark and Year KAN 2005
100 ## - MAIN ENTRY--PERSONAL NAME
Personal name কান্ধলবী (রহ),আল্লামা ইদরীস
245 ## - TITLE STATEMENT
Title সীরাতে সুস্তফা সাল্লাল্লাহু আলাইহি ওয়া সাল্লাম /
Statement of responsibility, etc আল্লামা ইদরীস কান্ধলবী (রহ); মাওলানা আবুল হায়াত মুহাম্মদ তারেক( অনুবাদ)
300 ## - PHYSICAL DESCRIPTION
Pagination 440p. :
Dimensions 21 cm.
600 ## - SUBJECT ADDED ENTRY--PERSONAL NAME
Personal name Muhammad, Prophet
650 ## - SUBJECT ADDED ENTRY--TOPICAL TERM
Topical term or geographic name as entry element Biography
700 ## - ADDED ENTRY--PERSONAL NAME
Personal name মাওলানা আবুল হায়াত মুহাম্মদ তারেক( অনুবাদ)
942 ## - ADDED ENTRY ELEMENTS (KOHA)
Source of classification or shelving scheme Dewey Decimal Classification
Koha item type Books
Holdings
Source of classification or shelving scheme volume number Damaged status Not for loan Home library Current library Shelving location Date of accession Cost, normal purchase price Total Checkouts Full call number Barcode Date last seen Copy number Method of acquisition Koha item type Currency
Dewey Decimal Classification V-1     JCC Rouf Library JCC Rouf Library General Stacks 06/13/2023 231.00   297.63 KAN 2005 16798 06/13/2023 C-1 Purchase Books BDT
Dewey Decimal Classification V-2     JCC Rouf Library JCC Rouf Library General Stacks 06/13/2023 231.00   297.63 KAN 2005 16799 06/13/2023 C-1 Purchase Books BDT
Dewey Decimal Classification V-3     JCC Rouf Library JCC Rouf Library General Stacks 06/13/2023 231.00   297.63 KAN 2005 16800 06/13/2023 C-1 Purchase Books BDT

JCC Library | Contacts | JCC Home

Last Update on 23 September 2017
Copyright @ 2017-2020 JCC Rouf Library
Rouf Library, Jhenidah Cadet College (JCC), Bangladesh